000 01623nam a2200301 a 4500
001 BRCA_5132
005 20190320204943.0
008 191110m1853----mx-######v---#000-0#spa-#
041 _aspa
044 _amx
084 _aDOC105
_b.A77
_c1853
100 1 _aArroyo, José Miguel
_cSecretario de Relaciones Exteriores
_d1810?-1875
_913102
245 1 0 _aDocumento firmado por Miguel Arroyo
_cMiguel Arroyo, José López Uraga.
260 _aMéxico
_c1853
300 _a[2] fojas
_c27 x 21 cm
500 _aDocumento firmado el 28 de marzo de 1853
500 _aDon Miguel Arroyo comunica al Oficial Mayor de Ministerio de Hacienda por haber nombrado a Don José López Uraga enviado extraordinario y Ministro Plenipotensario cerca de S.M.C. cesado en el cargo de negocios de la República en la misma corte Don Eduardo Goroztiza y se pide entregar a su ponderado Don Vicente Goroztiza el dinero necesario para el regreso del mismo
500 _aEl documento contiene la leyenda DOC. #269
500 _aAl margen: MINISTRO DE RELACIONES INTERIORES Y EXTERIORES
500 _aEstado de conservación: contiene dobleces y rotura la primera foja
506 0 _aFondo reservado: para su consulta es necesario credencial de usuario y carta de motivos
546 _aTexto en: español de mediados del siglo XIX
600 1 4 _aArroyo, José Miguel
_cSecretario de Relaciones Exteriores
_d1810?-1875
_913102
650 1 4 _aRelaciones internacionales
_vManuscrito
_xHistoria
_yFederalismo y centralismo, 1824-1853
_zMéxico
_913103
700 1 _aLópez Uraga, José
_cMilitar
_f1810-1885
_913104
902 _aFDH
942 _2lcc
_cD
999 _c4826
_d4826